Normal view
MARC view
Entry Personal Name
001 - CONTROL NUMBER
- control field: 48208
003 - CONTROL NUMBER IDENTIFIER
- control field: dpl
005 - DATE AND TIME OF LATEST TRANSACTION
- control field: 20120530145954.0
008 - FIXED-LENGTH DATA ELEMENTS
- fixed length control field: 120530|||a|||||| | ||| d
040 ## - CATALOGING SOURCE
- Original cataloging agency: dpl
- Transcribing agency: dpl
100 ## - HEADING--PERSONAL NAME
- Personal name: कपूर, कंवल नयन
670 ## - SOURCE DATA FOUND
- Source citation: Work cat.: (dpl): कपूर, कंवल नयन, आधुनिक विज्ञान युग /, 2006
670 ## - SOURCE DATA FOUND
- Source citation: Work cat.: (dpl): कपूर, कंवल नयन, आधुनिक विज्ञान युग /, 2006
